Tropa de élite = Tropa de elite /

Bewaard in:
Bibliografische gegevens
Hoofdauteur: Padilha, José (realización)
Andere auteurs: Mantovani, Bráulio (guión) (guión), Padilha, José (guión) (guión), Pimentel, Rodrigo (guión) (guión), Carvalho, Lula (fotógrafo) (fotógrafo), Kopke, Cláudia (vestuario) (vestuario), Rezende, Daniel (montaje) (montaje), Bromfman, Pedro (música) (música), Moura, Wagner (actuación) (actuación), Ramiro, André (actuación) (actuación), Junqueira, Cao (actuación) (actuación)
Formaat: Dia
Taal:Portugees
Onderwerpen:
Tags: Voeg label toe
Geen labels, Wees de eerste die dit record labelt!

MARC

LEADER 00000ngm^a2200000^a^4500
001 000297298
005 20250521000000.0
009 20260310112333.874
037 |a Acervo ITESO - Biblioteca 
041 |a POR 
082 |a B 869.  |b PAD V. 1 
100 |a Padilha, José  |e (realización) 
240 1 1 |a [Tropa de élite] 
245 1 0 |a Tropa de élite =  |b Tropa de elite /  |c Realización de J. Padilha. 
264 2 |a México :  |b Universal Pictures [distribución],  |c 2008, c2008 
300 |a 1 DVD regiones 1 y 4 (115 min.) :  |b color 
336 |a imagen móvil bidimensional  |b tdi  |2 rdacontenido 
337 |a video  |b v  |2 rdamedio 
338 |a videodisco  |b vd  |2 rdasoporte 
500 |a Basado en: Elite da tropa, de André Batista, Rodrigo Pimentel y Luiz Edoardo Soares 
546 |a En portugués, con subtítulos opcionales: español, portugés 
586 |a Festival Internacional de Cine de Berlín (58°: 2008): Premio a la Mejor Película (Oso de Oro) 
586 |a Gran Premio del Cine Brasileño, de la Academia Brasileña de Cine (8°: 2008): Mejor Película (finalista) 
586 |a Gran Premio del Cine Brasileño, de la Academia Brasileña de Cine (8°: 2008): Mejor Dirección (ganador: José Padilha) 
586 |a Gran Premio del Cine Brasileño, de la Academia Brasileña de Cine (8°: 2008): Película con más premios (8) 
586 |a Gran Premio del Cine Brasileño, de la Academia Brasileña de Cine (8°: 2008): Película con más candiaturas finalistas (13) 
586 |a Premio Ariel, de la Academia Mexicana de Cine (50°: 2008): Mejor Película Iberoamericana (ganadora, representante de Brasil) 
586 |a Premio Cóndor de Plata, de la Asociación de Cronistas Cinematográficos de Argentina (57°: 2009): Mejor Película Iberoamericana (ganadora) 
586 |a Mejores Películas del Cine Brasileño: Encuesta de la Asociación Brasileña de Críticos de Cine – ABRACCINE (2016): 30ª 
586 |a Diseño de Indumentaria y Moda: Gran Premio del Cine Brasileño, de la Academia Brasileña de Cine (8°: 2008): Mejor Diseño de Vestuario (finalista: Cláudia Kopke) 
649 |a XX 
650 |a Policía -  |z Río de Janeiro, Brasil (Estado) -  |x Condiciones Sociales y Culturales 
650 |a Policía -  |z Brasil -  |x Condiciones Sociales y Culturales 
650 |a Militares Brasileños -  |x Condiciones Sociales y Culturales 
650 |a Fuerzas Armadas -  |z Brasil -  |x Condiciones Sociales y Culturales 
650 |a Cine Social y Político 
650 |a Dramas Cinematográficos 
650 |a Cine Brasileño -  |y 2000-2009 
650 |a Cine Brasileño -  |y Siglo XXI 
650 |a Novela Brasileña -  |x Adaptaciones para Cine 
650 |a Literatura Brasileña -  |y Siglo XXI -  |x Adaptaciones para Cine 
650 |a Literatura y Cine 
650 |a Seguridad Pública -  |z Brasil 
650 |a Narcotráfico -  |z Brasil 
650 |a Crimen Organizado -  |z Brasil 
650 |a Violencia -  |z Brasil 
650 |a Corrupción -  |z Brasil 
650 |a Problemas Sociales -  |z Brasil 
650 |a Zonas Marginadas -  |z Río de Janeiro, Brasil (Ciudad) -  |x Condiciones Sociales y Culturales 
650 |a Política -  |z Brasil -  |x Historia -  |y 1995-2003 -  |x Tema Principal 
650 |a Política -  |z Brasil -  |x Historia -  |y Siglo XX 
650 |a Batalhão de Operações Policiais Especiais -  |x Tema Principal 
700 |a Mantovani, Bráulio  |e (guión) 
700 |a Padilha, José  |e (guión) 
700 |a Pimentel, Rodrigo  |e (guión) 
700 |a Carvalho, Lula  |e (fotógrafo) 
700 |a Kopke, Cláudia  |e (vestuario) 
700 |a Rezende, Daniel  |e (montaje) 
700 |a Bromfman, Pedro  |e (música) 
700 |a Moura, Wagner  |e (actuación) 
700 |a Ramiro, André  |e (actuación) 
700 |a Junqueira, Cao  |e (actuación) 
910 |a Fondo General 
920 |a Audiovisuales - DVDs 
940 |a Películas 
905 |a 302 
901 |a 0500174500  |b IT2  |c DVS  |i C118128  |u 20250521 
902 |a https://opac.biblio.iteso.mx/vufind/Record/000297298